000 00848nam a2200229Ia 4500
001 8628
003 GE_BSU
008 181216s||||||||xx |||||||||||||| ||und||
040 _cGE_BSU
080 _a82–93
100 _aთურდოსპირელი, დავით
245 _aარაზინდო
245 _bლექსები და მოთხრობები
245 _cმ.მრევლიშვილის წინასიტყვაობით. რედ.: ც. ჩხეიძე; მხატვ.: დ. კიკნაველიძე
260 _aთბილისი.
260 _bნაკადული
260 _c1961
300 _a167 გვ; 22 სმ
653 _aარაზინდო
653 _aლექსები და მოთხრობები
942 _cBK
999 _c41944
_d41944